Generazioni dei Pokémon - Quiz n°62 - Statistics

Statistiche generali
  • Questo quiz è stato fatto 2 volte
  • Il punteggio medio è 8 su 15
Statistiche sulle risposte
Hint Risposta % Corretto
Xurkitree Settima
100%
Kingambit Nona
50%
Greedent Ottava
50%
Gloom Prima
50%
Golduck Prima
50%
Minccino Quinta
50%
Panpour Quinta
50%
Greninja Sesta
50%
Goomy Sesta
50%
Bunnelby Sesta
50%
Passimian Settima
50%
Camerupt Terza
50%
Zigzagoon Terza
50%
Swalot Terza
50%
Scraggy Quinta
0%
Nessun quiz corrispondente trovato
Distribuzione punteggi
Percentuale di utenti per punteggio
Percentile per numero di risposta
I tuoi punteggi nel tempo
Non hai fatto questo quiz